Español : libro para alumno : primer grado.

Gespeichert in:
Bibliographische Detailangaben
Körperschaft: Comisión Nacional de Libros de Texto Gratuitos. (México)
Weitere Verfasser: Balbuena Corro, Hugo. (Projektleitung)
Format: Buch
Sprache:Spanisch
Erschienen: México : SEP: DGMIE, 2014.
Katalog:MANES:  Suchergebnis im Bibliothekskatalog
Schulbuchspezifische Eigenschaften:
Schriftenreihe:Libro de texto gratuito
Online-Zugang:CONALITEG
Tags: Tag hinzufügen
Keine Tags, Fügen Sie den ersten Tag hinzu!
Hinzugefügt zu:22.03.2015
Geändert in:08.05.2025

MARC

LEADER 00000cam a2200000 a 4500
003 OSt
005 20250508092043.0
008 150323n2014 mx f 000 0 spa d
020 |a 9786075147970 
040 |a CINV  |c CINV 
050 1 4 |a LTG LB1577  |b M49 1º 2014 
051 0 4 |a LTG LB1577-M49 1º 2014 
110 2 |a Comisión Nacional de Libros de Texto Gratuitos. (México)  |9 24074 
245 0 0 |a Español :  |b libro para alumno : primer grado. /  |c coordinador general Hugo Balbuena Corro. 
260 |a México :  |b SEP: DGMIE,  |c 2014. 
300 |a 212 p.   |b il. 
440 |a Libro de texto gratuito  |9 21882 
500 |a Ciclo escolar 2014-2015 
546 |a México 
561 |5 mx-CINVES  |a México. DIE-Cinvestav (Ciudad de México)  |k MANES 
690 0 |a EyL 
691 0 |a PRI 
700 1 |a Balbuena Corro, Hugo.  |e coord.  |9 24075 
856 |3 CONALITEG  |u https://historico.conaliteg.gob.mx/content/restricted/libros/carrusel.jsf?idLibro=401 
908 |a E-39634 
910 |a E-39635(ej.2) 
942 |2 lcc  |c BK 
999 |c 55049  |d 55049 
999 |c manes:55049  |d 55049